[Event "BCF-chT3N 1819 (4NCL)"]
[Site "England"]
[Date "2018.11.10"]
[Round "1.15"]
[White "Hilton, Tim"]
[Black "McElvenny, Damien"]
[Result "1-0"]
[WhiteElo "1960"]
[BlackElo "1810"]
[PlyCount "91"]
[EventDate "2018.11.10"]
[EventType "team-swiss"]
[EventRounds "11"]
[EventCountry "ENG"]
[SourceTitle "EXT 2021"]
[Source "ChessBase"]
[SourceDate "2020.10.23"]
[SourceVersion "1"]
[SourceVersionDate "2020.10.23"]
[SourceQuality "1"]
[WhiteTeam "Manchester Manticores II"]
[BlackTeam "Bolton & Worsley"]
[WhiteTeamCountry "ENG"]
[BlackTeamCountry "ENG"]

1. c4 c5 2. Nf3 Nf6 3. Nc3 Nc6 4. d4 cxd4 5. Nxd4 Nxd4 6. Qxd4 e6 7. e4 d6 8. Be2 Be7 9. Be3 a6 10. 0-0 0-0 11. Rad1 Qc7 12. f3 Bd7 13. Qd2 Rad8 14. b4 d5 15. exd5 Bxb4 16. d6 Qc8 17. Bd4 Bc5 18. Kh1 Bxd4 19. Qxd4 Qc6 20. Rb1 Qc8 21. Bd3 Bc6 22. Ne4 Nd7 23. Rfc1 e5 24. Qf2 f5 25. Ng5 Rde8 26. c5 h6 27. Bc4+ Kh8 28. Ne6 Rf6 29. Nc7 Ref8 30. Nd5 e4 31. Nxf6 Rxf6 32. f4 g5 33. Rb3 g4 34. Qd4 Qe8 35. Bd5 Kg7 36. Rxb7 Bxb7 37. Bxb7 Nf8 38. c6 Ne6 39. d7 Qd8 40. Qe5 Kg6 41. c7 Nxc7 42. Qxc7 Rf8 43. Rc6+ Kh5 44. Qd6 Rh8 45. Qg6+ Kh4 46. Qxh6+ 1-0